| 000 | 00698nam a2200217 a 4500 | ||
|---|---|---|---|
| 001 | 56142 | ||
| 003 | BD-RjUL | ||
| 005 | 20211209080346.0 | ||
| 008 | 161127r19621922nyu 000 1 eng | ||
| 035 | _a(BD-RjUL)56266 | ||
| 035 | _a(OCoLC)1841862 | ||
| 040 |
_aDLC _cF _dOCoLC _dDLC _beng |
||
| 041 | _aeng | ||
| 082 |
_223 _a823 _bLAE 1962 |
||
| 100 | 1 |
_aLawrence, D. H. _q(David Herbert), _d1885-1930 _9167123 |
|
| 245 | 1 | 0 |
_aEngland, my England, _band other stories, _cby D. H. Lawrence. |
| 260 |
_aGreat britain : _bThe whitefriars Press Ltd. _c1922 [reprinted 1962]. |
||
| 300 |
_a190 p. ; _c19 cm. |
||
| 650 |
_aEnglish fiction -- 20th century. _vEnglish fiction. _9167124 |
||
| 942 |
_2ddc _cBK |
||
| 999 |
_c56142 _d56142 |
||